• 首页
  • 本馆介绍
  • 公告通知
  • 最新文献
  • 馆藏检索
  • 电子资源
  • 读者导购
  • 参考咨询
  • 我的图书馆
  • 登录
  • 详细信息显示
  • 放入我的书架
  • 预约/预借图书
  • 作者相关作品
  • 分类相关作品
  • 丛书相关作品
  • 出版社相关作品

书目信息

  • 表格格式
  • 工作单格式
  • 卡片格式
题名:
心学论集
    
 
作者: 张学智 著
分册:  
出版信息: 北京   中国社会科学出版社  2006
页数: 402页
开本: 24cm
丛书名:
单 册:
中图分类: B2-53
科图分类:
主题词: 哲学--中国--文集 , 哲学
电子资源:
ISBN: 7-5004-5763-4
000 00788nam0 2200229 450
001 003290664
005 20070805091908.54
010    @a7-5004-5763-4@dCNY39.00
100    @a20060104d2006 emky0chiy0110 ea
101 0  @achi
102    @aCN@b110000
105    @ay z 000yy
200 1  @a心学论集@9xin xue lun ji@f张学智著
210    @a北京@c中国社会科学出版社@d2006
215    @a402页@d24cm
330    @a本书系统论述了中国哲学中身心关系的几种形态,中国实学的义涵及现代架构,孔子的仁学及现代意义,儒家文化的精神与价值观,并详细评析了孔子、程明道、牧隐、王阳明等思想家的心性学说及当代哲学家的哲学思想。
606 0  @a哲学@y中国@j文集
606 0  @a哲学
690    @aB2-53@v4
701  0 @a张学智@9zhang xue zhi@f(1952.10~)@4著
801  0 @aCN@bNLC@c20070805
905    @a10447@dB2-53@e130
    
    心学论集/张学智著.-北京:中国社会科学出版社,2006
    402页;24cm
    
    
    ISBN 7-5004-5763-4:CNY39.00
    本书系统论述了中国哲学中身心关系的几种形态,中国实学的义涵及现代架构,孔子的仁学及现代意义,儒家文化的精神与价值观,并详细评析了孔子、程明道、牧隐、王阳明等思想家的心性学说及当代哲学家的哲学思想。
●
相关链接 在E读中查询图书 在五车中查询图书 在当当中查询图书 在豆瓣中查询图书


正题名:心学论集     索取号:B2-53/130         预约/预借

序号 登录号 条形码 馆藏地/架位号 状态 备注
1 0807657   208076570   第一样本阅览室/ [索取号:B2-53/130] 在馆    
2 0807658   208076589   第一借阅区/ [索取号:B2-53/130] 在馆    
3 0807659   208076598   第一借阅区/ [索取号:B2-53/130] 在馆    
4 0807660   208076605   第一借阅区/ [索取号:B2-53/130] 在馆    
5 0807661   208076614   教育系资料室/ [索取号:B2-53/130] 在馆    
6 0807662   208076623   教育系资料室/ [索取号:B2-53/130] 在馆    
7 0807663   208076632   教育系资料室/ [索取号:B2-53/130] 在馆    
8 0807664   208076641   第一借阅区/ [索取号:B2-53/130] 在馆    
9 0807665   208076650   教育系资料室/ [索取号:B2-53/130] 在馆    
10 0807666   208076669   教育系资料室/ [索取号:B2-53/130] 在馆    
唐山师范学院图书馆 欢迎您!
大连网信软件有限公司© 版权所有